| 000 | 00535pab a2200169 454500 | ||
|---|---|---|---|
| 008 | 180718b2001 xxu||||| |||| 00| 0 eng d | ||
| 100 | _aSserunkuuma, Dick | ||
| 245 | _aPrivate property rights and overgrazing: an empirical assessment of pastoralists in Nyabushozi country, Western Uganda | ||
| 260 | _c2001 | ||
| 300 | _ap.769-92. | ||
| 362 | _aJul | ||
| 650 | _aRight to property - Western Uganda | ||
| 650 | _aRight to property | ||
| 700 | _aOlson, Kent | ||
| 773 | _aEconomic Development and Cultural Change | ||
| 909 | _a52526 | ||
| 999 |
_c52526 _d52526 |
||